000 00412nam a2200157Ia 4500
003 GCL
008 140319s9999 xx 000 0 eng d
040 _aGCL /
_cGCL
082 0 4 _a543
_bP P
100 1 _aPUNGOR, ERNO
245 1 0 _aA PRACTICAL GUIDE TO INSTRUMENTAL ANALYSES /
_cPUNGOR, ERNO
260 _a[S.N] :
_bCRC PRESS ،
_c1994
300 _a384 P
650 0 4 _aINSTRUMENTAL ANALYSIS
942 _2ddc
_cBK
999 _c11497
_d11497